000 00700nam a2200217 i 4500
001 189133
003 SpMaBN
005 20231224062936.0
008 190403s1937 sp p |||| | spa d
080 _a821.134.2-31"19"
100 1 _aBaroja, Pío,
_d1872-1956
_925752
245 1 3 _aEl árbol de la ciencia
_b: novela /
_cPío Baroja.
260 _aMadrid :
_bEspasa-Calpe,
_c[1937]
300 _a295 p. ;
_c19 cm.
490 1 _aLa raza
490 1 _aObras completas de Pío Baroja
830 0 _aLa raza
_9181299
830 0 _aObras completas de Pío Baroja
_9225781
852 _aES-MaACL
_jL-32295
_z. - Donat. herederos de la bibl. de Mª del Pilar Costa Palacín
999 _c189133
_d189133